00389nam a2200121Ia 4500008004100000245012800041260001700169260000900186300000800195650002300203650001200226856002900238170516s9999 xx 000 0 und d aUnique Diagnostic and Therapeutic Roles of Porphyrins and Phthalocyanines in Photodynamic Therapy, Imaging and Theranostics bTheranostics c2012 a2:9 xMedical Technology xMedtech uhttp://www.thno.org/v2i9